000 00538nam a2200181 i 4500
001 63353
003 ES-MaACL
007 t|
008 031209s1947 ag ||||1| spa d
100 1 _aFerrater Mora, José.
_950338
245 1 3 _aEl sentido de la muerte /
_cJosé Ferrater Mora.
260 _aBuenos Aires :
_bEditorial Sudamericana,
_c[1947] (
_fCompañía Impresora Argentina)
300 _a351 p. ;
_c21 cm.
490 1 _aFilosofía
830 0 _aFilosofía
_9177836
852 _aES-MaACL
_jB-7817
_bR.28615
999 _c63353
_d63353